000
00296nam a22001337a 4500
008
181015b xxu||||| |||| 00| 0 eng d
020
_a
9780570049937
041
_a
eng
080
_a
320
100
_a
21
101
_a
SHP
245
_a
The Protestant Reformation
_c
Spitz,L.W
942
_2
udc
_c
BK
999
_c
49652
_d
49652